<?xml version="1.0" encoding="UTF-8"?>
<record
    xmlns:xsi="http://www.w3.org/2001/XMLSchema-instance"
    xsi:schemaLocation="http://www.loc.gov/MARC21/slim http://www.loc.gov/standards/marcxml/schema/MARC21slim.xsd"
    xmlns="http://www.loc.gov/MARC21/slim">

  <leader>02307namaa2200433uu 4500</leader>
  <controlfield tag="001">doab94340</controlfield>
  <controlfield tag="003">oapen</controlfield>
  <controlfield tag="005">20260305123953.0</controlfield>
  <controlfield tag="006">m     o  d        </controlfield>
  <controlfield tag="007">cr|mn|---annan</controlfield>
  <controlfield tag="008">221130s2023    xx |||||o     ||| 0|eng d</controlfield>
  <datafield tag="020" ind1=" " ind2=" ">
    <subfield code="a">9781003276661</subfield>
  </datafield>
  <datafield tag="020" ind1=" " ind2=" ">
    <subfield code="a">9781003276661</subfield>
  </datafield>
  <datafield tag="020" ind1=" " ind2=" ">
    <subfield code="a">9781032232270</subfield>
  </datafield>
  <datafield tag="020" ind1=" " ind2=" ">
    <subfield code="a">9781032233048</subfield>
  </datafield>
  <datafield tag="024" ind1="7" ind2=" ">
    <subfield code="a">10.4324/9781003276661</subfield>
    <subfield code="2">doi</subfield>
  </datafield>
  <datafield tag="040" ind1=" " ind2=" ">
    <subfield code="a">oapen</subfield>
    <subfield code="c">oapen</subfield>
  </datafield>
  <datafield tag="041" ind1="0" ind2=" ">
    <subfield code="a">eng</subfield>
  </datafield>
  <datafield tag="042" ind1=" " ind2=" ">
    <subfield code="a">dc</subfield>
  </datafield>
  <datafield tag="072" ind1=" " ind2="7">
    <subfield code="a">JP</subfield>
    <subfield code="2">bicssc</subfield>
  </datafield>
  <datafield tag="720" ind1="1" ind2=" ">
    <subfield code="a">Dzuverovic, Nemanja</subfield>
    <subfield code="4">edt</subfield>
  </datafield>
  <datafield tag="245" ind1="0" ind2="0">
    <subfield code="a">Peace and Security in the Western Balkans</subfield>
    <subfield code="b">A Local Perspective</subfield>
  </datafield>
  <datafield tag="260" ind1=" " ind2=" ">
    <subfield code="b">Taylor &amp; Francis</subfield>
    <subfield code="c">2023</subfield>
  </datafield>
  <datafield tag="300" ind1=" " ind2=" ">
    <subfield code="a">1 online resource</subfield>
  </datafield>
  <datafield tag="336" ind1=" " ind2=" ">
    <subfield code="a">text</subfield>
    <subfield code="b">txt</subfield>
    <subfield code="2">rdacontent</subfield>
  </datafield>
  <datafield tag="337" ind1=" " ind2=" ">
    <subfield code="a">computer</subfield>
    <subfield code="b">c</subfield>
    <subfield code="2">rdamedia</subfield>
  </datafield>
  <datafield tag="338" ind1=" " ind2=" ">
    <subfield code="a">online resource</subfield>
    <subfield code="b">cr</subfield>
    <subfield code="2">rdacarrier</subfield>
  </datafield>
  <datafield tag="506" ind1="0" ind2=" ">
    <subfield code="a">Free-to-read</subfield>
    <subfield code="f">Unrestricted online access</subfield>
    <subfield code="2">star</subfield>
  </datafield>
  <datafield tag="520" ind1=" " ind2=" ">
    <subfield code="a">This book outlines the main security threats, actors, and processes in the Western Balkans following the dissolution of Yugoslavia. Exploring the state of peace and security in the region it asks if a stable peace is achievable. The comparative framework explores state perspectives - from Serbia, Montenegro, Northern Macedonia, Bosnia and Herzegovina, Albania, and Kosovo - alongside military, political-societal, economic, and environmental security concerns. The interplay of international actors is also considered. Academics, scholars, and practitioners who deal with Balkan issues, either as a focus or comparatively, and have interests in security and peace studies will find the volume invaluable along with students of political science, security studies, peace studies, area studies (Eastern European studies and/or Southeast European studies), and international studies in general.</subfield>
  </datafield>
  <datafield tag="540" ind1=" " ind2=" ">
    <subfield code="a">All rights reserved</subfield>
    <subfield code="u">http://oapen.org/content/about-rights</subfield>
  </datafield>
  <datafield tag="546" ind1=" " ind2=" ">
    <subfield code="a">English</subfield>
  </datafield>
  <datafield tag="650" ind1=" " ind2="7">
    <subfield code="a">Politics &amp; government</subfield>
    <subfield code="2">bicssc</subfield>
  </datafield>
  <datafield tag="653" ind1=" " ind2=" ">
    <subfield code="a">Peacebuilding, Poltics of scale, Regional dynamics, Security threats, Western Balkans</subfield>
  </datafield>
  <datafield tag="720" ind1="1" ind2=" ">
    <subfield code="a">Dzuverovic, Nemanja</subfield>
    <subfield code="4">oth</subfield>
  </datafield>
  <datafield tag="720" ind1="1" ind2=" ">
    <subfield code="a">Stojarov&#xE1;, V&#x11B;ra</subfield>
    <subfield code="4">edt</subfield>
  </datafield>
  <datafield tag="720" ind1="1" ind2=" ">
    <subfield code="a">Stojarov&#xE1;, V&#x11B;ra</subfield>
    <subfield code="4">oth</subfield>
  </datafield>
  <datafield tag="793" ind1="0" ind2=" ">
    <subfield code="a">DOAB Library.</subfield>
  </datafield>
  <datafield tag="856" ind1="4" ind2="0">
    <subfield code="u">https://directory.doabooks.org/handle/20.500.12854/94340</subfield>
    <subfield code="7">0</subfield>
    <subfield code="z">Free-to-read: DOAB: description of the publication</subfield>
  </datafield>
  <datafield tag="999" ind1=" " ind2=" ">
    <subfield code="c">93228</subfield>
    <subfield code="d">93228</subfield>
  </datafield>
</record>
